<?xml version="1.0" encoding="UTF-8"?>
<record
    xmlns:xsi="http://www.w3.org/2001/XMLSchema-instance"
    xsi:schemaLocation="http://www.loc.gov/MARC21/slim http://www.loc.gov/standards/marcxml/schema/MARC21slim.xsd"
    xmlns="http://www.loc.gov/MARC21/slim">

  <leader>03300nam a2200373 i 4500</leader>
  <controlfield tag="003">CO-MdUADB</controlfield>
  <controlfield tag="005">20260123142748.0</controlfield>
  <controlfield tag="007">ta</controlfield>
  <controlfield tag="008">241212s2013    ck ||||gr|||| 00| 0dspa d</controlfield>
  <datafield tag="020" ind1=" " ind2=" ">
    <subfield code="a">9587166124</subfield>
    <subfield code="q">ISBN-10</subfield>
  </datafield>
  <datafield tag="020" ind1=" " ind2=" ">
    <subfield code="a">9789587166125</subfield>
    <subfield code="q">ISBN-13</subfield>
  </datafield>
  <datafield tag="040" ind1=" " ind2=" ">
    <subfield code="a">CO-MdUADB</subfield>
    <subfield code="b">spa</subfield>
    <subfield code="c">CO-MdUADB</subfield>
    <subfield code="e">rda</subfield>
  </datafield>
  <datafield tag="041" ind1="0" ind2=" ">
    <subfield code="a">spa</subfield>
  </datafield>
  <datafield tag="082" ind1="0" ind2="4">
    <subfield code="a">183</subfield>
  </datafield>
  <datafield tag="100" ind1="1" ind2=" ">
    <subfield code="9">239180</subfield>
    <subfield code="a">Reyes Posada, Mauricio</subfield>
    <subfield code="e">aut</subfield>
  </datafield>
  <datafield tag="245" ind1="1" ind2="0">
    <subfield code="a">S&#xF3;crates y sus predecesores :</subfield>
    <subfield code="b">aproximaci&#xF3;n al mundo filos&#xF3;fico, pol&#xED;tico y jur&#xED;dico de los griegos /</subfield>
    <subfield code="c">Mauricio Reyes Posada</subfield>
  </datafield>
  <datafield tag="250" ind1=" " ind2=" ">
    <subfield code="a">1.&#xAA; edici&#xF3;n</subfield>
  </datafield>
  <datafield tag="264" ind1=" " ind2="1">
    <subfield code="a">Bogot&#xE1; :</subfield>
    <subfield code="b">Pontificia Universidad Javeriana. Facultad de Ciencias Jur&#xED;dicas ; </subfield>
    <subfield code="b">Grupo Editorial Ib&#xE1;&#xF1;ez,</subfield>
    <subfield code="c">2013</subfield>
  </datafield>
  <datafield tag="300" ind1=" " ind2=" ">
    <subfield code="a">334 p&#xE1;ginas </subfield>
  </datafield>
  <datafield tag="336" ind1=" " ind2=" ">
    <subfield code="2">rdacontent</subfield>
    <subfield code="a">texto</subfield>
    <subfield code="b">txt</subfield>
  </datafield>
  <datafield tag="337" ind1=" " ind2=" ">
    <subfield code="a">no mediado</subfield>
  </datafield>
  <datafield tag="338" ind1=" " ind2=" ">
    <subfield code="a">volumen</subfield>
  </datafield>
  <datafield tag="490" ind1="1" ind2=" ">
    <subfield code="a">Colecci&#xF3;n Profesores ;</subfield>
    <subfield code="v">60</subfield>
  </datafield>
  <datafield tag="505" ind1="2" ind2="0">
    <subfield code="t">Introducci&#xF3;n: El caso hist&#xF3;rico del ciudadano S&#xF3;crates --</subfield>
    <subfield code="t">Cap&#xED;tulo I: Aproximaci&#xF3;n al mundo filos&#xF3;fico de S&#xF3;crates. El m&#xE1;s sabio de los hombres --</subfield>
    <subfield code="t">Cap&#xED;tulo II: Las grandes rupturas socr&#xE1;ticas. Hacia un racionamiento critico --</subfield>
    <subfield code="t">Cap&#xED;tulo III: Los griegos y los antiguos orientales. Visiones contrapuestas --</subfield>
    <subfield code="t">Cap&#xED;tulo IV: La escritura constitucional de la polis ateniense. Un modelo ef&#xED;mero de democracia --</subfield>
    <subfield code="t">Cap&#xED;tulo V: Los fil&#xF3;sofos de la naturaleza. En busca de la materia --</subfield>
    <subfield code="t">Cap&#xED;tulo VI: De la sofistica en general y de los sofistas en particular. Una pedagog&#xED;a nueva en Atenas --</subfield>
    <subfield code="t">Capitulo VII: Del relativismo sofista al racionalismo &#xE9;tico socr&#xE1;tico. En busca de los valores absolutos --</subfield>
    <subfield code="t">Capitulo VIII: S&#xF3;crates: &#xBF;Un invento de Plat&#xF3;n? Realidad o ficci&#xF3;n --</subfield>
    <subfield code="t">Capitulo IX: Breve biograf&#xED;a de S&#xF3;crates. Semblanza de un hombre inusual --</subfield>
    <subfield code="t">Capitulo X: El proceso legal ateniense. Una normativa insuficiente --</subfield>
    <subfield code="t">Capitulo XI: S&#xF3;crates en el banquillo de los acusados. La hora de la verdad --</subfield>
    <subfield code="t">Capitulo XII: El proceso socr&#xE1;tico seg&#xFA;n Jenofonte. Otra mirada concurrente --</subfield>
    <subfield code="t">Capitulo XIII: &#xBF;Para qu&#xE9; lo condenaron? Fil&#xF3;sofos y ensayistas opinan --</subfield>
    <subfield code="t">Capitulo XIV: Hacia una explicaci&#xF3;n de la condena. Concurrencia de causas --</subfield>
    <subfield code="t">Epilogo; Bibliograf&#xED;a 
</subfield>
  </datafield>
  <datafield tag="520" ind1="3" ind2=" ">
    <subfield code="a">S&#xF3;crates representa en la historia de la filosof&#xED;a un &#xCD;cono. Sin haber escrito una sola l&#xED;nea su pensamiento fue preservado por Plat&#xF3;n, quien lo verti&#xF3; en sus di&#xE1;logos interminables. Su preocupaci&#xF3;n, en medio de un mundo de mitos y especulaciones ingenuas de la ciencia naciente, fue la de encontrar los valores absolutos a los cuales pudiera asirse el hombre, en todos los tiempos y lugares. Pero al haber desenmascarado la ignorancia de sus contempor&#xE1;neos encar&#xF3; un proceso que lo llev&#xF3; a la muerte. Este libro se propone desentra&#xF1;ar el significado de su vida y el enigma de su muerte. (Tomado de la cubierta)</subfield>
  </datafield>
  <datafield tag="600" ind1="0" ind2="4">
    <subfield code="a">S&#xF3;crates,</subfield>
    <subfield code="d">469-399 a.C.</subfield>
    <subfield code="x">Cr&#xED;tica e interpretaci&#xF3;n</subfield>
    <subfield code="9">857628</subfield>
  </datafield>
  <datafield tag="650" ind1=" " ind2="7">
    <subfield code="2">lemb</subfield>
    <subfield code="a">Sofistas (Filosof&#xED;a)</subfield>
    <subfield code="9">2079</subfield>
  </datafield>
  <datafield tag="650" ind1=" " ind2="7">
    <subfield code="2">lemb</subfield>
    <subfield code="9">233343</subfield>
    <subfield code="a">Filosof&#xED;a griega</subfield>
  </datafield>
  <datafield tag="650" ind1=" " ind2="7">
    <subfield code="2">lemb</subfield>
    <subfield code="9">1528</subfield>
    <subfield code="a">Filosof&#xED;a pol&#xED;tica</subfield>
  </datafield>
  <datafield tag="650" ind1=" " ind2="7">
    <subfield code="2">lemb</subfield>
    <subfield code="9">38249</subfield>
    <subfield code="a">Filosof&#xED;a del derecho</subfield>
  </datafield>
  <datafield tag="650" ind1=" " ind2="7">
    <subfield code="2">lemb</subfield>
    <subfield code="9">177156</subfield>
    <subfield code="a">Filosof&#xED;a de la naturaleza</subfield>
  </datafield>
  <datafield tag="830" ind1=" " ind2="0">
    <subfield code="9">869496</subfield>
    <subfield code="a">Profesores (Pontificia Universidad Javeriana. Facultad de Ciencias Jur&#xED;dicas)</subfield>
    <subfield code="v">60</subfield>
  </datafield>
  <datafield tag="942" ind1=" " ind2=" ">
    <subfield code="c">BOOK</subfield>
    <subfield code="2">ddc</subfield>
  </datafield>
  <datafield tag="999" ind1=" " ind2=" ">
    <subfield code="c">860366</subfield>
    <subfield code="d">860366</subfield>
  </datafield>
  <datafield tag="952" ind1=" " ind2=" ">
    <subfield code="0">0</subfield>
    <subfield code="1">0</subfield>
    <subfield code="2">ddc</subfield>
    <subfield code="4">0</subfield>
    <subfield code="7">0</subfield>
    <subfield code="8">GEN</subfield>
    <subfield code="a">BC</subfield>
    <subfield code="b">BC</subfield>
    <subfield code="d">2024-09-24</subfield>
    <subfield code="e">material adquirido por donaci&#xF3;n</subfield>
    <subfield code="f">DONA</subfield>
    <subfield code="g">50000.00</subfield>
    <subfield code="l">0</subfield>
    <subfield code="o">183.2 R457</subfield>
    <subfield code="p">01098686</subfield>
    <subfield code="r">2025-12-11 11:37:48</subfield>
    <subfield code="w">2024-09-24</subfield>
    <subfield code="y">BOOK</subfield>
  </datafield>
</record>
